000 00297nam a22001337a 4500
008 180806b xxu||||| |||| 00| 0 eng d
082 _a813.52
245 _aThe language of medicine
_cELSEVIER
260 _c2006
300 _a1
_fCD
440 _x9996025594
760 _b7 th
942 _2ddc
_cMX
999 _c46802
_d46802